MARC

LEADER 00000nab a2200000 a 4500
001 vtls000084538
003 SK-MaSNL
005 20260303032034.0
008 111103c1981 xo 0 slo
015 |a SNBRB19rr/mm-uuuuu 
035 |a CL0094640 
040 |a SNKBUCL  |b slo  |c SNKBUCL  |e AACR2 
041 0 |a slo 
044 |a xo  |c SK 
080 |a 885.4-3(087.5)  |2 1981 
100 1 |a Stachová, Marta,  |d 1948-2015  |4 aut  |9 8203 
245 1 0 |a O Martinovi  |c Marta Bezúchová ; Miroslav Bohunovský 
650 0 7 |a rozprávky autorské  |2 snkbucl  |9 315429 
650 0 7 |a literatúra pre deti a mládež  |2 snkbucl  |9 21893 
655 7 |a články z novín a časopisov  |2 snkbucl  |9 267496 
655 7 |a články z odboru literárna veda a krásna literatúra  |2 snkbucl  |9 770045 
700 1 |a Bohunovský, Miroslav  |4 gup  |9 517175 
773 0 |t Včielka  |g Roč. 23, č. 10 (1981), s. /4-5/ 
850 |a Slovenská národná knižnica v Martine  |a MTA001 
852 |a SNK  |b KIS3GCP 
958 |a RK 
958 |a LX 
992 |a RBX 
999 |c 1661888  |d 1663818